| 000 | 00000nam##2200000za#4500 |
| 001 | 9.684208 |
| 003 | CaOODSP |
| 005 | 20210615134043 |
| 007 | ta |
| 008 | 150407|2008||||xxc||||| f|0| 0 fre|d |
| 020 | |a978-0-662-08702-1 |
| 040 | |aCaOODSP|bfre |
| 043 | |an-cn--- |
| 086 | 1 |aT29-42/2008F |
| 110 | 1 |aCanada.|bTransports Canada. |bSécurité maritime. |
| 245 | 10|aBouées privées - guide du propriétaire |
| 260 | |aOttawa - Ontario : |bTransports Canada. |c[2008]. |
| 300 | |a27p. : |bfigures en couleur, photographies ; |c28 cm. |
| 520 | 3 |aAidera les propriétaires de bouées privées à mieux comprendre et mettre en application les lois et exigences canadiennes quand ils mettent à l’eau une bouée privée ainsi qu’à les informés de leur responsabilité à cet égard. |
| 563 | |aCouverture souple |
| 590 | |a09-23|b2009-06-05 |
| 691 | 07|aSécurité nautique|2gcpds |
| 775 | 08|tAn owner's guide to private buoys / |w(CaOODSP)9.651164 |
| 776 | 0#|tBouées privées - guide du propriétaire |w(CaOODSP)9.636525 |
| 986 | |aTP 14799F |